000 00358 a2200157 4500
001 75708
020 _a851643428
040 _cAnchieta - Colégio São Paulo
100 _aMcDonald, Megan
240 1 0 _aJudy Moody quer a fama!
_lpor
245 1 0 _aJudy Moody quer a fama!
300 _a155
362 0 _a2004
650 4 _aLiteratura juvenil
942 _cBK
999 _c75708
_d75708